Normal view
MARC view
Entry Personal Name
001 - CONTROL NUMBER
- control field: 62572
003 - CONTROL NUMBER IDENTIFIER
- control field: dpl
005 - DATE AND TIME OF LATEST TRANSACTION
- control field: 20240229110328.0
008 - FIXED-LENGTH DATA ELEMENTS
- fixed length control field: 240229|| aca||aabn | a|a d
040 ## - CATALOGING SOURCE
- Original cataloging agency: dpl
- Transcribing agency: dpl
100 ## - HEADING--PERSONAL NAME
- Personal name: R. Radha
670 ## - SOURCE DATA FOUND
- Source citation: Work cat.: (dpl)201112: APARNA R.R. 62571, Latex/
